[Event "DEM U10 2021"]
[Site "Willingen GER"]
[Date "2021.08.27"]
[Round "8"]
[White "Heitmann, Erik"]
[Black "Grebita, Magnus"]
[Result "1-0"]
[Termination "normal"]
[Board "24"]
[WhiteElo "1262"]
[BlackElo "977"]
[WhiteClock "00:56:25"]
[BlackClock "00:36:58"]
[PlyCount "87"]
[WhiteFideId "34608940"]
[BlackFideId "34608958"]
[EventCountry "GER"]
[EventRounds "11"]
[EventType "swiss"]
[EventDate "2021.08.22"]

1. e4 {[%clk 01:15:56]} {[%emt 00:00:04]} e5 {[%clk 01:15:40]} {[%emt
00:00:20]} 2. Nf3 {[%clk 01:16:18]} {[%emt 00:00:07]} Nc6 {[%clk 01:15:36]}
{[%emt 00:00:35]} 3. Bc4 {[%clk 01:16:32]} {[%emt 00:00:15]} Nf6 {[%clk
01:15:22]} {[%emt 00:00:44]} 4. d4 {[%clk 01:16:22]} {[%emt 00:00:40]} exd4
{[%clk 01:14:06]} {[%emt 00:01:47]} 5. e5 {[%clk 01:16:12]} {[%emt 00:00:40]}
d5 {[%clk 01:11:24]} {[%emt 00:03:13]} 6. Bb5 {[%clk 01:15:35]} {[%emt
00:01:06]} Nd7 {[%clk 01:11:02]} {[%emt 00:00:51]} 7. Bxc6 {[%clk 01:14:15]}
{[%emt 00:01:51]} bxc6 {[%clk 01:08:21]} {[%emt 00:03:10]} 8. Nxd4 {[%clk
01:14:10]} {[%emt 00:00:35]} c5 {[%clk 01:07:04]} {[%emt 00:01:47]} 9. Nf3
{[%clk 01:13:01]} {[%emt 00:01:39]} Nb6 {[%emt 00:01:36]} 10. O-O {[%clk
01:11:51]} {[%emt 00:01:38]} Be7 {[%clk 01:05:03]} {[%emt 00:01:27]} 11. Nc3
{[%clk 01:11:12]} {[%emt 00:01:10]} Bb7 {[%clk 01:02:18]} {[%emt 00:03:15]} 12.
Re1 {[%clk 01:09:59]} {[%emt 00:01:43]} O-O {[%clk 00:58:35]} {[%emt 00:04:13]}
13. Bf4 {[%clk 01:08:03]} {[%emt 00:02:26]} Re8 {[%clk 00:53:28]} {[%emt
00:05:36]} 14. Qd2 {[%clk 01:07:36]} {[%emt 00:00:58]} d4 {[%clk 00:51:46]}
{[%emt 00:02:12]} 15. Ne4 {[%clk 01:07:21]} {[%emt 00:00:45]} Nd5 {[%clk
00:49:41]} {[%emt 00:02:35]} 16. Bg5 {[%clk 01:07:06]} {[%emt 00:00:45]} Bxg5
{[%clk 00:48:08]} {[%emt 00:02:02]} 17. Qxg5 {[%clk 01:02:32]} {[%emt
00:05:03]} Qxg5 {[%clk 00:48:24]} {[%emt 00:00:16]} 18. Nexg5 {[%clk 01:02:32]}
{[%emt 00:00:31]} f6 {[%clk 00:47:07]} {[%emt 00:01:46]} 19. exf6 {[%clk
01:02:11]} {[%emt 00:00:50]} Nxf6 {[%clk 00:47:22]} {[%emt 00:00:15]} 20. h3
{[%clk 01:01:22]} {[%emt 00:01:19]} h6 {[%clk 00:47:16]} {[%emt 00:00:35]} 21.
Ne6 {[%clk 01:01:01]} {[%emt 00:00:53]} Bxf3 {[%clk 00:46:16]} {[%emt
00:01:30]} 22. gxf3 {[%clk 01:00:54]} {[%emt 00:00:37]} Kf7 {[%clk 00:43:20]}
{[%emt 00:04:12]} 23. Nxc7 {[%clk 01:00:48]} {[%emt 00:00:54]} Rxe1+ {[%clk
00:43:31]} {[%emt 00:00:19]} 24. Rxe1 {[%clk 01:01:10]} {[%emt 00:00:08]} Rc8
{[%clk 00:43:42]} {[%emt 00:00:16]} 25. Nb5 {[%clk 01:00:34]} {[%emt 00:01:09]}
Rb8 {[%clk 00:43:39]} {[%emt 00:00:33]} 26. Nd6+ {[%clk 00:59:58]} {[%emt
00:01:06]} Kg6 {[%clk 00:43:43]} {[%emt 00:00:14]} 27. b3 {[%clk 00:59:44]}
{[%emt 00:00:56]} Rb6 {[%clk 00:42:05]} {[%emt 00:02:09]} 28. Ne4 {[%clk
00:59:49]} {[%emt 00:00:25]} Re6 {[%clk 00:42:23]} {[%emt 00:00:11]} 29. Kf1
{[%clk 00:59:21]} {[%emt 00:00:58]} Nxe4 {[%clk 00:42:43]} {[%emt 00:00:10]}
30. Rxe4 {[%clk 00:59:05]} {[%emt 00:00:46]} Rxe4 {[%clk 00:42:55]} {[%emt
00:00:18]} 31. fxe4 {[%clk 00:59:24]} {[%emt 00:00:10]} Kf6 {[%clk 00:42:20]}
{[%emt 00:01:06]} 32. Ke2 {[%clk 00:59:33]} {[%emt 00:00:21]} Ke5 {[%clk
00:42:40]} {[%emt 00:00:09]} 33. Kf3 {[%clk 00:59:32]} {[%emt 00:00:32]} h5
{[%clk 00:41:57]} {[%emt 00:01:13]} 34. Kg3 {[%clk 00:59:03]} {[%emt 00:00:59]}
g5 {[%clk 00:40:58]} {[%emt 00:01:28]} 35. f3 {[%clk 00:58:49]} {[%emt
00:00:46]} a6 {[%clk 00:39:59]} {[%emt 00:01:26]} 36. a3 {[%clk 00:57:57]}
{[%emt 00:01:25]} a5 {[%clk 00:40:15]} {[%emt 00:00:14]} 37. a4 {[%clk
00:58:06]} {[%emt 00:00:20]} Kf6 {[%clk 00:40:17]} {[%emt 00:00:28]} 38. f4
{[%clk 00:57:20]} {[%emt 00:01:16]} gxf4+ {[%clk 00:40:06]} {[%emt 00:00:41]}
39. Kxf4 {[%clk 00:57:35]} {[%emt 00:00:16]} Ke6 {[%clk 00:40:26]} {[%emt
00:00:10]} 40. h4 {[%clk 00:56:06]} {[%emt 00:01:59]} Kf6 {[%clk 00:40:35]}
{[%emt 00:00:21]} 41. e5+ {[%clk 00:55:59]} {[%emt 00:00:36]} Ke7 {[%clk
00:39:39]} {[%emt 00:01:11]} 42. Kg5 {[%clk 00:56:00]} {[%emt 00:00:44]} Ke6
{[%clk 00:39:56]} {[%emt 00:00:14]} 43. Kxh5 {[%clk 00:56:10]} {[%emt
00:00:20]} Kxe5 {[%clk 00:36:58]} {[%emt 00:03:28]} 44. Kg6 {[%clk 00:56:25]}
{[%emt 00:00:14]} 1-0

[Event "DEM U10 2021"]
[Site "Willingen GER"]
[Date "2021.08.27"]
[Round "8"]
[White "Langer, Johann Leander"]
[Black "Akcapinar, Timur"]
[Result "1-0"]
[Termination "normal"]
[Board "25"]
[WhiteElo "1047"]
[BlackElo "1216"]
[WhiteClock "00:44:27"]
[BlackClock "00:03:51"]
[PlyCount "57"]
[WhiteFideId "34607463"]
[BlackFideId "16287509"]
[EventCountry "GER"]
[EventRounds "11"]
[EventType "swiss"]
[EventDate "2021.08.22"]

1. e4 {[%clk 01:15:59]} e5 {[%clk 01:15:56]} {[%emt 00:00:04]} 2. f4 {[%clk
01:16:21]} {[%emt 00:00:09]} d5 {[%clk 01:16:21]} {[%emt 00:00:05]} 3. exd5
{[%clk 01:16:41]} {[%emt 00:00:09]} e4 {[%clk 01:16:38]} {[%emt 00:00:13]} 4.
d3 {[%clk 01:17:01]} {[%emt 00:00:10]} Nf6 {[%clk 01:17:02]} {[%emt 00:00:06]}
5. dxe4 {[%clk 01:17:04]} {[%emt 00:00:27]} Nxe4 {[%clk 01:17:20]} {[%emt
00:00:13]} 6. Nf3 {[%clk 01:17:00]} {[%emt 00:00:32]} Bc5 {[%clk 01:17:01]}
{[%emt 00:00:49]} 7. Qe2 {[%clk 01:17:19]} {[%emt 00:00:12]} Bf5 {[%clk
01:16:46]} {[%emt 00:00:42]} 8. Nc3 {[%clk 01:15:44]} {[%emt 00:02:08]} Qe7
{[%clk 01:11:42]} {[%emt 00:05:34]} 9. Be3 {[%clk 01:15:52]} {[%emt 00:00:21]}
Bxe3 {[%clk 01:09:07]} {[%emt 00:03:04]} 10. Qxe3 {[%clk 01:14:09]} {[%emt
00:02:13]} O-O {[%clk 01:07:47]} {[%emt 00:01:51]} 11. Nxe4 {[%clk 01:13:14]}
{[%emt 00:01:25]} Bxe4 {[%clk 01:07:26]} {[%emt 00:00:51]} 12. O-O-O {[%clk
01:12:31]} {[%emt 00:01:10]} Re8 {[%clk 01:05:00]} {[%emt 00:02:58]} 13. Re1
{[%clk 01:10:27]} {[%emt 00:02:32]} c6 {[%clk 00:58:41]} {[%emt 00:06:53]} 14.
Bc4 {[%clk 01:07:27]} {[%emt 00:03:21]} Kf8 {[%clk 00:55:35]} {[%emt 00:03:45]}
15. Ng5 {[%clk 01:00:36]} {[%emt 00:07:19]} h6 {[%clk 00:41:16]} {[%emt
00:14:51]} 16. Nxe4 {[%clk 00:57:55]} {[%emt 00:03:09]} f5 {[%clk 00:39:30]}
{[%emt 00:02:18]} 17. d6 {[%clk 00:55:12]} {[%emt 00:03:11]} Qd8 {[%clk
00:35:35]} {[%emt 00:04:26]} 18. Qb3 {[%clk 00:49:05]} {[%emt 00:06:32]} fxe4
{[%clk 00:21:31]} {[%emt 00:14:39]} 19. Qxb7 {[%clk 00:48:32]} {[%emt
00:01:03]} Qd7 {[%clk 00:16:37]} {[%emt 00:05:24]} 20. Qxa8 {[%clk 00:46:54]}
{[%emt 00:02:07]} Na6 {[%clk 00:16:22]} {[%emt 00:00:46]} 21. Qxe8+ {[%clk
00:46:47]} {[%emt 00:00:36]} Qxe8 {[%emt 00:00:18]} 22. Bxa6 {[%clk 00:46:46]}
{[%emt 00:00:29]} e3 {[%clk 00:09:10]} {[%emt 00:07:58]} 23. Re2 {[%clk
00:46:39]} {[%emt 00:00:35]} Qe6 {[%clk 00:08:21]} {[%emt 00:01:19]} 24. Rd1
{[%clk 00:46:02]} {[%emt 00:01:05]} Qxa2 {[%clk 00:08:04]} {[%emt 00:00:50]}
25. Rxe3 {[%clk 00:45:32]} {[%emt 00:00:57]} Qa1+ {[%clk 00:06:52]} {[%emt
00:01:45]} 26. Kd2 {[%clk 00:45:34]} {[%emt 00:00:27]} Qxa6 {[%clk 00:04:54]}
{[%emt 00:02:29]} 27. d7 {[%clk 00:45:30]} {[%emt 00:00:32]} Qa5+ {[%clk
00:03:51]} {[%emt 00:01:34]} 28. c3 {[%clk 00:45:04]} {[%emt 00:00:55]} Qd5+
{[%clk 00:03:51]} {[%emt 00:00:31]} 29. Kc1 {[%clk 00:44:27]} {[%emt 00:01:04]}
1-0

[Event "DEM U10 2021"]
[Site "Willingen GER"]
[Date "2021.08.27"]
[Round "8"]
[White "Schröder, Hannes Artur"]
[Black "Gavrylyuk, Oleksandr"]
[Result "0-1"]
[Termination "normal"]
[Board "26"]
[WhiteElo "961"]
[BlackElo "1151"]
[WhiteClock "00:48:36"]
[BlackClock "01:01:11"]
[PlyCount "62"]
[WhiteFideId "34608818"]
[BlackFideId "34609083"]
[EventCountry "GER"]
[EventRounds "11"]
[EventType "swiss"]
[EventDate "2021.08.22"]

1. d4 {[%clk 01:15:57]} d5 {[%clk 01:15:54]} {[%emt 00:00:07]} 2. Bf4 {[%clk
01:16:14]} {[%emt 00:00:13]} Nf6 {[%clk 01:16:19]} {[%emt 00:00:05]} 3. e3
{[%clk 01:16:28]} {[%emt 00:00:17]} g6 {[%clk 01:16:38]} {[%emt 00:00:11]} 4.
Nf3 {[%clk 01:16:37]} {[%emt 00:00:20]} Bg7 {[%clk 01:17:00]} {[%emt 00:00:08]}
5. Be2 {[%clk 01:16:46]} {[%emt 00:00:21]} O-O {[%clk 01:17:00]} {[%emt
00:00:25]} 6. h3 {[%clk 01:16:59]} {[%emt 00:00:22]} c5 {[%clk 01:17:20]}
{[%emt 00:00:10]} 7. c3 {[%clk 01:17:11]} {[%emt 00:00:18]} Nc6 {[%clk
01:17:28]} {[%emt 00:00:21]} 8. O-O {[%clk 01:16:35]} {[%emt 00:01:06]} Nd7
{[%clk 01:17:26]} {[%emt 00:00:31]} 9. Nbd2 {[%clk 01:15:50]} {[%emt 00:01:15]}
e5 {[%clk 01:16:14]} {[%emt 00:01:43]} 10. dxe5 {[%clk 01:14:01]} {[%emt
00:02:19]} Ndxe5 {[%clk 01:16:29]} {[%emt 00:00:16]} 11. Nxe5 {[%clk 01:12:57]}
{[%emt 00:01:33]} Nxe5 {[%clk 01:16:40]} {[%emt 00:00:18]} 12. Nf3 {[%clk
01:10:34]} {[%emt 00:02:54]} Nc6 {[%clk 01:13:53]} {[%emt 00:03:16]} 13. Rc1
{[%clk 01:08:12]} {[%emt 00:02:53]} Be6 {[%clk 01:12:43]} {[%emt 00:01:40]} 14.
Ng5 {[%emt 00:07:13]} a6 {[%clk 01:11:19]} {[%emt 00:00:11]} 15. Nxe6 {[%clk
01:02:04]} {[%emt 00:01:38]} fxe6 {[%clk 01:11:31]} {[%emt 00:00:17]} 16. Bf3
{[%clk 00:57:25]} {[%emt 00:05:09]} b5 {[%clk 01:08:13]} {[%emt 00:03:49]} 17.
a3 {[%clk 00:55:28]} {[%emt 00:02:28]} Ne5 {[%clk 01:05:03]} {[%emt 00:03:39]}
18. Bxe5 {[%clk 00:55:22]} {[%emt 00:00:37]} Bxe5 {[%clk 01:04:00]} {[%emt
00:01:32]} 19. b4 {[%clk 00:54:18]} {[%emt 00:01:35]} c4 {[%clk 01:02:31]}
{[%emt 00:01:53]} 20. Qd2 {[%clk 00:51:06]} {[%emt 00:03:46]} Bd6 {[%clk
00:59:18]} {[%emt 00:03:42]} 21. e4 {[%clk 00:50:46]} {[%emt 00:00:53]} dxe4
{[%clk 00:59:28]} {[%emt 00:00:19]} 22. Bxe4 {[%clk 00:50:56]} {[%emt
00:00:21]} Bh2+ {[%clk 00:59:53]} {[%emt 00:00:04]} 23. Kxh2 {[%clk 00:50:35]}
{[%emt 00:00:49]} Qxd2 {[%clk 01:00:16]} {[%emt 00:00:09]} 24. Bxa8 {[%clk
00:50:27]} {[%emt 00:00:38]} Rxa8 {[%clk 01:00:24]} {[%emt 00:00:22]} 25. Kg1
{[%clk 00:50:01]} {[%emt 00:00:55]} Rd8 {[%clk 00:59:56]} {[%emt 00:00:57]} 26.
f3 {[%clk 00:48:34]} {[%emt 00:01:57]} Rd3 {[%clk 01:00:08]} {[%emt 00:00:19]}
27. Kh2 {[%clk 00:47:55]} {[%emt 00:01:10]} Rxc3 {[%clk 01:00:24]} {[%emt
00:00:15]} 28. Rfd1 {[%clk 00:48:03]} {[%emt 00:00:22]} Qxc1 {[%clk 01:00:31]}
{[%emt 00:00:22]} 29. Rxc1 {[%clk 00:48:18]} {[%emt 00:00:15]} Rxc1 {[%clk
01:00:38]} {[%emt 00:00:22]} 30. Kg3 {[%clk 00:48:33]} {[%emt 00:00:15]} Rd1
{[%clk 01:00:55]} {[%emt 00:00:13]} 31. Kf2 {[%clk 00:48:36]} {[%emt 00:00:29]}
c3 {[%clk 01:01:11]} {[%emt 00:00:10]} 0-1

[Event "DEM U10 2021"]
[Site "Willingen GER"]
[Date "2021.08.27"]
[Round "8"]
[White "He, Saiqi"]
[Black "Xu, Wanghan"]
[Result "1/2-1/2"]
[Termination "normal"]
[Board "27"]
[WhiteElo "1188"]
[BlackElo "1289"]
[WhiteClock "00:26:41"]
[BlackClock "00:54:37"]
[PlyCount "71"]
[WhiteFideId "16292723"]
[BlackFideId "34608745"]
[EventCountry "GER"]
[EventRounds "11"]
[EventType "swiss"]
[EventDate "2021.08.22"]

1. e4 {[%clk 01:15:59]} e5 {[%clk 01:15:54]} {[%emt 00:00:07]} 2. Nf3 {[%clk
01:16:26]} {[%emt 00:00:03]} Nc6 {[%clk 01:16:15]} {[%emt 00:00:08]} 3. Bc4
{[%clk 01:16:51]} {[%emt 00:00:05]} Be7 {[%clk 01:16:38]} {[%emt 00:00:07]} 4.
d4 {[%clk 01:17:14]} {[%emt 00:00:07]} d6 {[%clk 01:17:02]} {[%emt 00:00:07]}
5. dxe5 {[%clk 01:17:12]} {[%emt 00:00:32]} dxe5 {[%clk 01:17:12]} {[%emt
00:00:20]} 6. Qxd8+ {[%clk 01:17:28]} {[%emt 00:00:14]} Bxd8 {[%clk 01:17:33]}
{[%emt 00:00:08]} 7. Nc3 {[%clk 01:17:42]} {[%emt 00:00:15]} Nf6 {[%clk
01:17:27]} {[%emt 00:00:36]} 8. O-O {[%clk 01:17:42]} {[%emt 00:00:30]} O-O
{[%clk 01:17:39]} {[%emt 00:00:18]} 9. Be3 {[%clk 01:17:45]} {[%emt 00:00:27]}
Bg4 {[%clk 01:17:05]} {[%emt 00:01:04]} 10. Nd2 {[%clk 01:17:16]} {[%emt
00:00:58]} a6 {[%clk 01:15:16]} {[%emt 00:02:20]} 11. a4 {[%clk 01:16:05]}
{[%emt 00:01:41]} Re8 {[%clk 01:14:40]} {[%emt 00:01:07]} 12. Nd5 {[%clk
01:12:30]} {[%emt 00:04:05]} Nxd5 {[%clk 01:11:58]} {[%emt 00:03:12]} 13. Bxd5
{[%clk 01:12:25]} {[%emt 00:00:34]} Rb8 {[%clk 01:11:16]} {[%emt 00:01:13]} 14.
c3 {[%clk 01:08:30]} {[%emt 00:04:25]} Bf6 {[%clk 01:10:05]} {[%emt 00:01:41]}
15. f4 {[%clk 01:05:39]} {[%emt 00:03:21]} Be6 {[%clk 01:08:43]} {[%emt
00:01:51]} 16. Bxe6 {[%clk 01:03:30]} {[%emt 00:02:39]} fxe6 {[%clk 01:08:22]}
{[%emt 00:00:52]} 17. Nb3 {[%clk 00:59:58]} {[%emt 00:04:02]} b6 {[%clk
01:07:23]} {[%emt 00:01:29]} 18. Rab1 {[%clk 00:58:30]} {[%emt 00:01:57]} a5
{[%clk 01:06:35]} {[%emt 00:01:19]} 19. Rfd1 {[%clk 00:55:00]} {[%emt
00:03:59]} Rbd8 {[%clk 01:04:57]} {[%emt 00:02:08]} 20. h3 {[%clk 00:54:10]}
{[%emt 00:01:21]} h6 {[%clk 01:03:56]} {[%emt 00:01:31]} 21. c4 {[%clk
00:40:36]} {[%emt 00:14:03]} Rb8 {[%clk 00:59:09]} {[%emt 00:05:18]} 22. Rd7
{[%clk 00:38:23]} {[%emt 00:02:43]} Re7 {[%clk 00:59:07]} {[%emt 00:00:32]} 23.
Rxe7 {[%clk 00:38:24]} {[%emt 00:00:30]} Nxe7 {[%clk 00:58:35]} {[%emt
00:01:01]} 24. Rd1 {[%clk 00:37:31]} {[%emt 00:01:23]} exf4 {[%clk 00:57:07]}
{[%emt 00:01:57]} 25. Bxf4 {[%clk 00:37:06]} {[%emt 00:00:55]} Bxb2 {[%clk
00:56:38]} {[%emt 00:01:00]} 26. Bxc7 {[%clk 00:37:09]} {[%emt 00:00:26]} Rc8
{[%clk 00:56:07]} {[%emt 00:01:01]} 27. Rd7 {[%clk 00:35:10]} {[%emt 00:02:30]}
Kf7 {[%clk 00:55:12]} {[%emt 00:01:25]} 28. Bd8 {[%clk 00:34:49]} {[%emt
00:00:51]} Bf6 {[%clk 00:55:10]} {[%emt 00:00:32]} 29. Bxb6 {[%clk 00:33:18]}
{[%emt 00:02:00]} Rxc4 {[%clk 00:55:15]} {[%emt 00:00:25]} 30. Nxa5 {[%emt
00:03:34]} Rxe4 {[%emt 00:01:08]} 31. Bd8 {[%clk 00:27:55]} {[%emt 00:01:12]}
Ke8 {[%clk 00:54:56]} {[%emt 00:00:49]} 32. Rd1 {[%clk 00:27:56]} {[%emt
00:00:29]} Rxa4 {[%clk 00:54:58]} {[%emt 00:00:28]} 33. Bxe7 {[%clk 00:27:37]}
{[%emt 00:00:48]} Bd4+ {[%clk 00:54:27]} {[%emt 00:01:02]} 34. Rxd4 {[%clk
00:26:26]} {[%emt 00:01:41]} Rxd4 {[%clk 00:54:41]} {[%emt 00:00:15]} 35. Kh2
{[%clk 00:26:35]} {[%emt 00:00:20]} Rd5 {[%clk 00:54:37]} {[%emt 00:00:36]} 36.
Bb4 {[%clk 00:26:41]} {[%emt 00:00:24]} 1/2-1/2

[Event "DEM U10 2021"]
[Site "Willingen GER"]
[Date "2021.08.27"]
[Round "8"]
[White "Lange, Friedrich"]
[Black "Vinogradov, Ilia"]
[Result "0-1"]
[Termination "normal"]
[Board "29"]
[WhiteElo "861"]
[BlackElo "1217"]
[WhiteClock "00:59:21"]
[BlackClock "00:13:03"]
[PlyCount "106"]
[WhiteFideId "34608915"]
[BlackFideId "34603166"]
[EventCountry "GER"]
[EventRounds "11"]
[EventType "swiss"]
[EventDate "2021.08.22"]

1. c4 {[%clk 01:15:57]} {[%emt 00:00:03]} e5 {[%clk 01:15:51]} {[%emt
00:00:09]} 2. Nc3 {[%clk 01:16:10]} {[%emt 00:00:18]} Nc6 {[%clk 01:15:38]}
{[%emt 00:00:43]} 3. g3 {[%clk 01:16:11]} {[%emt 00:00:28]} Nf6 {[%clk
01:14:27]} {[%emt 00:01:41]} 4. Bg2 {[%clk 01:16:07]} {[%emt 00:00:34]} Bc5
{[%clk 01:13:14]} {[%emt 00:01:43]} 5. Nf3 {[%clk 01:16:10]} {[%emt 00:00:27]}
d6 {[%clk 01:11:50]} {[%emt 00:01:54]} 6. d3 {[%clk 01:15:59]} {[%emt
00:00:42]} h6 {[%clk 01:10:22]} {[%emt 00:01:57]} 7. O-O {[%clk 01:16:07]}
{[%emt 00:00:21]} O-O {[%clk 01:09:53]} {[%emt 00:01:00]} 8. Bd2 {[%clk
01:16:32]} {[%emt 00:00:06]} Be6 {[%clk 01:07:20]} {[%emt 00:03:01]} 9. a3
{[%clk 01:15:09]} {[%emt 00:01:54]} a6 {[%clk 01:05:37]} {[%emt 00:02:14]} 10.
Rb1 {[%clk 01:13:52]} {[%emt 00:01:47]} Qd7 {[%clk 01:00:50]} {[%emt 00:05:16]}
11. Re1 {[%clk 01:12:54]} {[%emt 00:01:28]} Bh3 {[%clk 00:58:00]} {[%emt
00:03:21]} 12. Bh1 {[%clk 01:12:20]} {[%emt 00:01:03]} Ng4 {[%clk 00:52:52]}
{[%emt 00:05:38]} 13. e3 {[%clk 01:07:22]} {[%emt 00:05:28]} Qf5 {[%clk
00:52:08]} {[%emt 00:01:13]} 14. Qe2 {[%clk 01:06:12]} {[%emt 00:01:40]} g5
{[%clk 00:39:44]} {[%emt 00:12:55]} 15. b4 {[%clk 01:04:48]} {[%emt 00:01:54]}
Ba7 {[%clk 00:39:02]} {[%emt 00:01:13]} 16. Ne4 {[%clk 01:02:50]} {[%emt
00:02:28]} Qg6 {[%clk 00:31:14]} {[%emt 00:08:17]} 17. d4 {[%clk 01:01:48]}
{[%emt 00:01:34]} Qxe4 {[%clk 00:29:24]} {[%emt 00:02:18]} 18. Nxg5 {[%emt
00:00:52]} Qg6 {[%clk 00:26:28]} {[%emt 00:03:23]} 19. Nxh3 {[%clk 00:59:30]}
{[%emt 00:02:29]} exd4 {[%clk 00:25:02]} {[%emt 00:01:56]} 20. Bf3 {[%clk
00:59:23]} {[%emt 00:00:38]} Nf6 {[%clk 00:23:37]} {[%emt 00:01:53]} 21. Nf4
{[%clk 00:58:53]} {[%emt 00:01:01]} Qf5 {[%clk 00:22:52]} {[%emt 00:01:15]} 22.
h3 {[%clk 00:58:09]} {[%emt 00:01:13]} dxe3 {[%clk 00:21:15]} {[%emt 00:02:08]}
23. Bxe3 {[%clk 00:58:00]} {[%emt 00:00:39]} Bxe3 {[%clk 00:20:18]} {[%emt
00:01:25]} 24. Qxe3 {[%clk 00:58:09]} {[%emt 00:00:23]} Rfe8 {[%clk 00:20:01]}
{[%emt 00:00:47]} 25. Qd2 {[%clk 00:58:16]} {[%emt 00:00:23]} Ne4 {[%clk
00:17:46]} {[%emt 00:02:45]} 26. Bxe4 {[%clk 00:57:42]} {[%emt 00:01:04]} Rxe4
{[%clk 00:18:02]} {[%emt 00:00:15]} 27. Rxe4 {[%clk 00:57:45]} {[%emt
00:00:27]} Qxe4 {[%clk 00:18:05]} {[%emt 00:00:26]} 28. Re1 {[%clk 00:57:38]}
{[%emt 00:00:37]} Qxc4 {[%clk 00:17:42]} {[%emt 00:00:53]} 29. Qd3 {[%clk
00:57:11]} {[%emt 00:00:56]} Qxd3 {[%clk 00:16:43]} {[%emt 00:01:31]} 30. Nxd3
{[%clk 00:57:33]} {[%emt 00:00:08]} a5 {[%clk 00:17:00]} {[%emt 00:00:13]} 31.
b5 {[%clk 00:57:48]} {[%emt 00:00:15]} Nd4 {[%clk 00:16:47]} {[%emt 00:00:42]}
32. a4 {[%clk 00:57:46]} {[%emt 00:00:32]} Nf3+ {[%clk 00:17:05]} {[%emt
00:00:13]} 33. Kf1 {[%clk 00:57:22]} {[%emt 00:00:54]} Nxe1 {[%clk 00:17:19]}
{[%emt 00:00:15]} 34. Kxe1 {[%clk 00:57:41]} {[%emt 00:00:11]} Re8+ {[%clk
00:17:09]} {[%emt 00:00:41]} 35. Kd2 {[%clk 00:58:04]} {[%emt 00:00:07]} c6
{[%clk 00:17:09]} {[%emt 00:00:29]} 36. Kc3 {[%clk 00:58:04]} {[%emt 00:00:30]}
cxb5 {[%clk 00:16:57]} {[%emt 00:00:42]} 37. axb5 {[%clk 00:58:19]} {[%emt
00:00:12]} Re2 {[%clk 00:16:04]} {[%emt 00:01:27]} 38. Kb3 {[%clk 00:58:12]}
{[%emt 00:00:37]} Rd2 {[%clk 00:15:49]} {[%emt 00:00:44]} 39. Ne1 {[%clk
00:57:55]} {[%emt 00:00:47]} Rxf2 {[%clk 00:16:04]} {[%emt 00:00:16]} 40. Ka4
{[%clk 00:57:57]} {[%emt 00:00:27]} b6 {[%clk 00:15:59]} {[%emt 00:00:36]} 41.
g4 {[%clk 00:58:08]} {[%emt 00:00:18]} Rh2 {[%clk 00:16:08]} {[%emt 00:00:20]}
42. Nf3 {[%clk 00:57:39]} {[%emt 00:01:00]} Rxh3 {[%clk 00:16:06]} {[%emt
00:00:32]} 43. Nd4 {[%clk 00:57:38]} {[%emt 00:00:31]} Rg3 {[%clk 00:15:34]}
{[%emt 00:01:02]} 44. Nc6 {[%clk 00:57:42]} {[%emt 00:00:27]} Rxg4+ {[%clk
00:15:42]} {[%emt 00:00:21]} 45. Ka3 {[%clk 00:57:54]} {[%emt 00:00:19]} h5
{[%clk 00:14:36]} {[%emt 00:01:35]} 46. Ne7+ {[%clk 00:57:52]} {[%emt
00:00:32]} Kh7 {[%clk 00:14:42]} {[%emt 00:00:24]} 47. Nd5 {[%clk 00:57:57]}
{[%emt 00:00:25]} Rg3+ {[%clk 00:14:23]} {[%emt 00:00:50]} 48. Kb2 {[%clk
00:58:20]} {[%emt 00:00:07]} h4 {[%clk 00:13:55]} {[%emt 00:00:58]} 49. Nxb6
{[%clk 00:58:42]} {[%emt 00:00:07]} h3 {[%clk 00:13:29]} {[%emt 00:00:56]} 50.
Nd7 {[%clk 00:59:03]} {[%emt 00:00:09]} h2 {[%clk 00:13:35]} {[%emt 00:00:24]}
51. b6 {[%clk 00:59:12]} {[%emt 00:00:21]} h1=Q {[%emt 00:00:44]} 52. b7 {[%emt
00:00:11]} Qh2+ {[%clk 00:12:42]} {[%emt 00:00:28]} 53. Kc1 {[%clk 00:59:21]}
{[%emt 00:00:21]} Rg1# {[%clk 00:13:03]} {[%emt 00:00:09]} 0-1